Statistics for Australian Cities by population

Click here to take the quiz!

General Stats

  • This quiz has been taken 17 times
    (10 since last reset)
  • The average score is 14 of 20

Answer Stats

Cities% Correct
Brisbane
100%
Darwin
100%
Hobart
100%
Melbourne
100%
Perth
100%
Sydney
100%
Adelaide
88%
Canberra
88%
Gold Coast
88%
Cairns
75%
Newcastle
75%
Townsville
63%
Bendigo
50%
Geelong
50%
Launceston
50%
Toowoomba
50%
Wollongong
50%
Ballarat
38%
Logan City
25%
Rockingham
13%

Score Distribution

Percentile by Number Answered

Percent of People with Each Score

Your Score History

You have not taken this quiz since the last reset